| 000 | 00909cam a22002174a 4500 | ||
|---|---|---|---|
| 005 | 20250605164152.0 | ||
| 008 | 250528s ||||||||||||||||||||||||d | ||
| 035 | _a19413 | ||
| 020 | _a9603061921 | ||
| 040 |
_aGR-AtMCL _bgre _dGR-AtMCL _eAACR2 |
||
| 245 | 1 | _aΔΙΑΦΗΜΙΣΗ ΑΠΟ ΤΗ ΘΕΩΡΙΑ ΣΤΗΝ ΠΡΑΞΗ | |
| 250 | _a1 | ||
| 260 |
_bAnubis, _c1997 |
||
| 300 | _a238 | ||
| 505 | 0 | _aΒΑΣΙΚΕΣ ΑΡΧΕΣ ΛΕΙΤΟΥΡΓΙΚΟΙ ΦΟΡΕΙΣ ΣΧΕΔΙΑΣΜΟΣ ΚΑΘΟΡΙΣΜΟΣ ΣΤΡΑΤΗΓΙΚΗΣ ΥΛΟΠΟΙΗΣΗ & ΕΛΕΓΧΟΣ ΠΑΡΑΡΤΗΜΑ | |
| 520 | _aΒΑΣΙΚΕΣ ΑΡΧΕΣ ΛΕΙΤΟΥΡΓΙΚΟΙ ΦΟΡΕΙΣ ΣΧΕΔΙΑΣΜΟΣ ΚΑΘΟΡΙΣΜΟΣ ΣΤΡΑΤΗΓΙΚΗΣ ΥΛΟΠΟΙΗΣΗ & ΕΛΕΓΧΟΣ ΠΑΡΑΡΤΗΜΑ | ||
| 700 | 1 |
_aΚουρμουσης Α. Γιωργος _95658 |
|
| 942 | _cBK | ||
| 999 |
_c4669 _d4669 |
||